00528nam a2200181Ia 450000500170000000800410001702000180005804000190007604100120009508200160010710000200012324500710014326000410021430000210025550400340027665000260031085000100033620221118125925.0131103s9999 xx 000 0 und d aSBN 195615522 aLoreto College aEnglish a954.03bMEH aMehra,Parshotam 2aA dictionary of Modern Indian history 1707 - 1947cParshotam Mehra aDelhibOxford University Pressc1985 axv,823 p.b maps aIncludes index and chronology aIndian Modern History aLCLIB